Obres completes / (Record no. 126793)

MARC details
000 -LEADER
campo de control de longitud fija 01007nam a2200277 4500
001 - NÚMERO DE CONTROL
campo de control 126793
003 - IDENTIFICADOR DE NÚMERO DE CONTROL
campo de control ES-MaACL
005 - FECHA Y HORA DE LA ÚLTIMA TRANSACCIÓN
campo de control 20251011063131.0
007 - CAMPO FIJO DE DESCRIPCIÓN FÍSICA--INFORMACIÓN GENERAL
campo de control de longitud fija t|
008 - DATOS DE LONGITUD FIJA--INFORMACIÓN GENERAL
campo de control de longitud fija 070214m19651967sp r ||||1| cat d
100 1# - ENTRADA PRINCIPAL--NOMBRE DE PERSONA
Nombre de persona Riba, Carles,
Fechas asociadas al nombre 1893-1959
9 (RLIN) 96698
245 10 - MENCIÓN DEL TÍTULO
Título Obres completes /
Mención de responsabilidad, etc. Carles Riba.
250 ## - MENCION DE EDICION
Mención de edición 1ª ed.
260 ## - PUBLICACIÓN, DISTRIBUCIÓN, ETC.
Lugar de publicación, distribución, etc. Barcelona :
Nombre del editor, distribuidor, etc. Ed. 62,
Fecha de publicación, distribución, etc. 1965-67.
300 ## - DESCRIPCIÓN FÍSICA
Extensión 2 v. ;
Dimensiones 21 cm.
490 1# - MENCIÓN DE SERIE
Mención de serie Classics catalans del segle XX
505 8# - NOTA DE CONTENIDO CON FORMATO
Nota de contenido con formato Contiene: v. I: Poesia i narrativa / introducció d'Arthur Terry ; edició a cura de J. Ll. Marfany ---- v. II: Assaigs crities / introducció de Giuseppe E. Sansone ; edició a cura de J. Ll. Marfany
700 1# - ENTRADA AGREGADA--NOMBRE PERSONAL
Nombre de persona Terry, Arthur.
9 (RLIN) 109803
700 1# - ENTRADA AGREGADA--NOMBRE PERSONAL
Nombre de persona Marfany, Joan-Lluís,
Fechas asociadas al nombre 1943-
9 (RLIN) 76601
700 1# - ENTRADA AGREGADA--NOMBRE PERSONAL
Nombre de persona Sansone, Giuseppe E.
9 (RLIN) 103224
740 0# - ENTRADA AGREGADA--TÍTULO RELACIONADO/ANALÍTICO NO CONTROLADO
Título relacionado o analítico no controlado Poesia i narrativa.
740 0# - ENTRADA AGREGADA--TÍTULO RELACIONADO/ANALÍTICO NO CONTROLADO
Título relacionado o analítico no controlado Assaigs crities.
830 0# - PUNTO DE ACCESO ADICIONAL DE SERIE-TÍTULO UNIFORME
Título uniforme Classics catalans del segle XX
9 (RLIN) 186686
852 ## - LOCALIZACIÓN
Ubicación ES-MaACL
Número de control de estantería P-215-bis
Sublocalización o colección R.56660
Holdings
Estatus retirado Estado de pérdida Estado de daño No para préstamo Biblioteca de origen Biblioteca actual Ubicación en estantería Fecha de adquisición Fuente de adquisición Total de préstamos Signatura topográfica completa Código de barras Visto por última vez Precio de reemplazo Tipo de ítem Koha
        Biblioteca del Ateneo de Madrid Biblioteca del Ateneo de Madrid Depósito 2 17/01/2008     P-215-bis 1132065 23/02/2023 23/02/2023 Libro impreso